La guerra del fuego /
Guardado en:
| Autor Principal: | |
|---|---|
| Formato: | |
| Materias: | |
| Etiquetas: |
Agregar Etiqueta
Sin Etiquetas, Sea el primero en etiquetar este registro!
|
| LEADER | 00871ngm a22002775g 4500 | ||
|---|---|---|---|
| 001 | CEM.cems021516 | ||
| 008 | 130507b1992##################0###0#####d | ||
| 005 | 20240827140452.0 | ||
| 245 | 1 | 0 | |a La guerra del fuego / |c Jean Jacques Annaud. |
| 300 | |a 94 | ||
| 500 | |a En soporte VHS, consultar en ventanilla. | ||
| 505 | 0 | |a Descubrimiento del fuego. Armas primitivas. Relación entre tribus. | |
| 538 | |a Soporte: VHS - Norma: Pal N - Color - Grabación Drd 1992 - Hitachi=0000 | ||
| 100 | 1 | |a Annaud, Jean Jacques | |
| 082 | 5 | 7 | |/ ANN |
| 653 | |a PREHISTORIA | ||
| 653 | |a HOMBRE PALEOLITICO | ||
| 653 | |a ANTROPOLOGIA | ||
| 653 | |a TRIBUS | ||
| 653 | |a FUEGO | ||
| 653 | |a CINE | ||
| 653 | |a HISTORIA | ||
| 653 | |a ARMAS PRIMITIVAS | ||
| 653 | |a NIVEL PRIMARIO | ||
| 653 | |a NIVEL SECUNDARIO | ||
| 859 | |a CEMS |b BIB. CEMS - Depto. Recursos Didacticos |h 571 |i ANN |k DRD |p 159.12 |t Ej.1 | ||
